00723nam a2200205Ia 4500003000900000008004100009020001800050040001600068080001500084100002700099245011900126260003800245300001600283650001900299650002800318700003000346942000700376999001500383952011900398IN-BaIIA211028s9999 xx 000 0 eng d a0-471-56343-9 cIIA Library a654.9bMAG aMagrab, Edward B97294 4aThe measurement of time-varying phenomenabfundamentals and applicationscEdward B. Magrab and Donald S. Blomquist aNew YorkbJohn Wiley & Sonsc1971 axiii, 347p. aNASA thesaurus aSignal processing93537 aDonald S. Blomquist97295 cBK c4146d4146 00104070aBANbBANcGENd1973-04-12g138.70l0o654.9/ MAGp4627r2021-11-05v138.70w1973-04-12yBKGRs. 138.70